Pokémon - Les attaques de Granbull - Statistiques

Statistiques générales
  • Ce quiz a été pris 16 fois
  • Le résultat moyen est 12 sur 16
Statistiques - réponses
Niveaux Types Noms des attaques % Correct
Niveau 59 Ténèbres Mâchouille
100%
Niveau 7 Ténèbres Morsure
100%
Départ Normal Charge
88%
Départ Fée Charme
88%
Départ Niveau 67 Dragon Colère
88%
Départ Électrique Crocs Éclair
88%
Départ Feu Crocs Feu
88%
Départ Glace Crocs Givre
88%
Niveau 13 Spectre Léchouille
88%
Niveau 43 Fée Câlinerie
75%
Niveau 27 Normal Hurlement
75%
Départ Normal Mimi-Queue
75%
Niveau 19 Normal Coup d'Boule
63%
Départ Normal Grimace
50%
Niveau 51 Ténèbres Représailles
38%
Niveau 35 Normal Frénésie
25%
Aucun quiz correspondant
Distribution des résultats
% des personnes avec chaque résultat
Percentile par nombre de réponses
Votre historique - résultats
Vous n’avez pas pris ce quiz